|
|
|
|
| LEADER |
01392nam a2200253 a 4500 |
| 001 |
GR-MES3515 |
| 008 |
991111s1990 gr 000 0 gre d |
| 040 |
|
|
|a GrPaTEI
|b gre
|c GR-PaULI
|
| 100 |
1 |
|
|a Χάιδου, Α.
|
| 245 |
1 |
2 |
|a Η ιδρυματική και εξωιδρυματική μεταχείρηση των ανηλίκων στην Ελλάδα και στο εξωτερικό.
|
| 260 |
|
|
|a Αθήνα :
|b Νομική βιβλιοθήκη,
|c 1990
|
| 300 |
|
|
|a 152σελ.
|
| 300 |
|
|
|c πιν. ;
|c 21 εκ.
|
| 500 |
|
|
|a βιβλιογραφία:σελ(145-152)
|
| 500 |
|
|
|a περιέχει παράρτημα με νομοθετικά κείμενα
|
| 650 |
|
4 |
|a εγκληματολογία ανηλίκων
|x δίκαιο και νομοθεσία
|
| 650 |
1 |
0 |
|a σωφρονιστικό δίκαιο
|
| 700 |
1 |
|
|a Χάιδου, Α.
|
| 710 |
0 |
|
|a Νομική βιβλιοθήκη
|
| 942 |
|
|
|2 ddc
|
| 952 |
|
|
|0 0
|1 0
|2 ddc
|4 0
|6 363_360000000000000_ΧΑΙ
|7 0
|9 268116
|a MSLG
|b MSLG
|c BSC
|d 2021-01-17
|e 24
|f 1
|g 0.00
|l 0
|o 363.36 ΧΑΙ
|p 2420000019515
|r 2021-01-17 00:00:00
|t 1
|w 2021-01-17
|y BK15
|x 20051007 0 1
|x GrPaTEI
|
| 952 |
|
|
|0 0
|1 0
|2 ddc
|4 0
|6 364_360000000000000_ΧΑΙ
|7 0
|9 268117
|a MSLG
|b MSLG
|c BSC
|d 2021-01-17
|e 24
|f 0
|g 0.00
|l 0
|o 364.36 ΧΑΙ
|p 2420000013239
|r 2021-01-17 00:00:00
|t 1
|w 2021-01-17
|y BK15
|x 19991111 0 1
|x GrPaTEI
|
| 971 |
|
|
|a .b25745608
|b 16-04-20
|c 13-09-16
|
| 999 |
|
|
|c 154436
|d 154436
|